Engineers and Society in India : (Record no. 1851384)

MARC details
000 -LEADER
fixed length control field 00484 a2200169 4500
005 - DATE AND TIME OF LATEST TRANSACTION
control field 20260514120406.0
008 - FIXED-LENGTH DATA ELEMENTS--GENERAL INFORMATION
fixed length control field 260514b |||||||| |||| 00| 0 eng d
020 ## - INTERNATIONAL STANDARD BOOK NUMBER
International Standard Book Number 9780198935919
040 ## - CATALOGING SOURCE
Transcribing agency SDCL
041 ## - LANGUAGE CODE
Source of code eng
Language code of text/sound track or separate title eng
084 ## - COLON CLASSIFICATION NUMBER
Classification number V:(D).2'N R5
245 ## - TITLE STATEMENT
Title Engineers and Society in India :
Remainder of title From circa 1850 to present times
260 ## - PUBLICATION, DISTRIBUTION, ETC.
Place of publication, distribution, etc. New York :
Name of publisher, distributor, etc. Oxford University Press,
Date of publication, distribution, etc. 2025.
300 ## - PHYSICAL DESCRIPTION
Extent xxx, 349p.
700 ## - ADDED ENTRY--PERSONAL NAME
Personal name Caru, Vanessa ed.
942 ## - ADDED ENTRY ELEMENTS (KOHA)
Koha item type Textual
Source of classification or shelving scheme Colon Classification (CC)
700 ## - ADDED ENTRY--PERSONAL NAME
-- 1239352
999 ## -
-- 1851384
-- 1851384
Holdings
Withdrawn status Lost status Source of classification or shelving scheme Damaged status Not for loan Home library Current library Date acquired Source of acquisition Cost, normal purchase price Inventory number Total checkouts Full call number Barcode Date last seen Cost, replacement price Price effective from Koha item type
    Colon Classification (CC)     South Campus Library South Campus Library 2026-05-13 30 1036.00 165 & 29/01/2026   V:(D).2'N R5 SC1692193 2026-05-13 1295.00 2026-05-13 Textual
Copyright @ Delhi University Library System